000 00892nam a22002297a 4500
005 20250426063757.0
007 cr |||aaa|||||
008 250110s202 mx|||||go|||| 00| 0 spa d
040 _aMX-MxUPN
_bspa
_cMX-MxUPN
_eaacr2
041 _aspa
050 4 _aQK73 M6
245 0 0 _aConstruyamos un jardín botánico
_h[recurso electrónico en línea]
260 _aMéxico :
_bComisión Nacional para la Mejora Continua de la Educación,
_c[202?].
300 _a1 recurso en línea (17 páginas) :
_bPDF
490 0 _a¡Hagamos comunidad! Estrategias de apoyo pedagógico para el transcurso del ciclo escolar
506 0 _aAcceso abierto
650 4 _aJardines botánicos
_zMéxico
_911383
650 4 _aBotánica
_9764
856 4 0 _uhttps://www.mejoredu.gob.mx/images/blog/estrategias/segunda_serie/construyamos-un_jardin.pdf
902 _bMaríaRobles/100125
942 _2lcc
_cLIBRO-E
999 _c212480
_d212480